|
|
|
|
| LEADER |
01155nab#a2200337#ar4500 |
| 001 |
000074897 |
| 003 |
SVKKK |
| 005 |
20101227115505.0 |
| 008 |
101109d1906 xo |||||||||||||||b|hun |
| FMT |
|
|
|
| 038 |
|
|
|a SVKKK
|
| 040 |
|
|
|a SVKKK
|b slo
|e AACR2
|
| 041 |
0 |
|
|a hun
|
| 044 |
|
|
|a xo
|c SK
|
| 080 |
|
|
|a 793
|2 1981
|
| 242 |
1 |
0 |
|a Živnostníci z Malčíc
|y slo
|
| 245 |
1 |
2 |
|a A málcai iparosok
|
| 500 |
|
|
|a Popis z mikrofilmu
|
| 520 |
2 |
|
|a Správa o tom, že živnostníci v kúpeľoch Malčice usporiadali dňa 20. januára 1901 tanečnú zábavu. Priebeh akcie bol velmi úspešný za čo možno poďakovať miestnym živnostníkom Gy. Kmetóni-mu a J. Matinovi
|
| 650 |
0 |
4 |
|a zábava tanečná - Kmetóni, Gy. (živnostník) (organizátor) - Matina, J. (živnostník) - kúpele, Malčice - 20.01.1901 - správy
|
| 655 |
|
4 |
|a hungariká
|
| 773 |
0 |
|
|t Felsőmagyarországi Hirlap : Politikai ujság
|g Roč. 4, č. 7 (23.01.1901) s. 2
|
| 957 |
|
|
|a Malčice
|
| 958 |
|
|
|a DG
|
| 958 |
|
|
|a HU
|
| 974 |
|
|
|a Ba
|
| 992 |
|
|
|a RBX
|
| 997 |
|
|
|a Kmetóni, Gy.
|d Málca p. Malčice
|
| 997 |
|
|
|a Matina, J.
|d Málca p. Malčice
|
| BAS |
|
|
|
| 998 |
|
|
|a RETRO
|